[Event "Rated Blitz game"]
[Site "?"]
[Date "2021.04.18"]
[Round "?"]
[White "SeanGarnier"]
[Black "annaly1979"]
[Result "1-0"]
[WhiteElo "2410"]
[BlackElo "2439"]
[PlyCount "133"]
[EventDate "2021.??.??"]
[EventType "blitz"]

1. e4 e5 2. Nf3 d5 3. Nxe5 Qe7 4. d4 f6 5. Nf3 dxe4 6. Ng1 f5 7. Nc3 Nf6 8. Bg5
Nc6 9. Bc4 Qb4 10. d5 Qxc4 11. dxc6 Qxc6 12. Nge2 Bb4 13. O-O Bxc3 14. Nxc3 O-O
15. Qd4 Be6 16. Rad1 h6 17. Bf4 Rad8 18. Qe5 Bc4 19. Rfe1 Rxd1 20. Rxd1 Qb6 21.
Qxc7 Qxb2 22. Qxc4+ Kh7 23. Nd5 Nxd5 24. Qxd5 Qxc2 25. Be5 f4 26. h3 f3 27. g3
Rf5 28. Re1 Qc8 29. Qxe4 Kh8 30. g4 Rf8 31. Qe3 Kh7 32. Qd3+ Kg8 33. Bd4 Rd8
34. Qb3+ Kh8 35. Bb2 h5 36. Qxf3 hxg4 37. Qxg4 Qxg4+ 38. hxg4 Rd2 39. Rb1 Kh7
40. a3 Kg6 41. Kg2 Kg5 42. Kg3 Rd3+ 43. f3 Kg6 44. Re1 Rb3 45. Bd4 Rxa3 46. Re7
a5 47. Rxg7+ Kh6 48. Rxb7 a4 49. Ra7 Rd3 50. Bc5 Rc3 51. Rxa4 Rxc5 52. Re4 Kg6
53. Re6+ Kf7 54. Ra6 Rc7 55. f4 Kg7 56. Kh4 Rc4 57. Kg5 Rc7 58. f5 Rb7 59. Rg6+
Kh7 60. Ra6 Kg7 61. Kh5 Rb2 62. Ra7+ Kf6 63. g5+ Kxf5 64. Rf7+ Ke6 65. Rf6+ Ke7
66. Kg6 Rg2 67. Kg7 {Time forfeit} 1-0

[Event "Rated Blitz tournament jOCkETW0"]
[Site "?"]
[Date "2021.04.18"]
[Round "?"]
[White "yazparov"]
[Black "Akbas_Kaan"]
[Result "1-0"]
[WhiteElo "2441"]
[BlackElo "2374"]
[PlyCount "55"]
[EventDate "2021.??.??"]
[EventType "blitz"]

1. e4 e5 2. Nf3 d5 3. exd5 e4 4. Qe2 Nf6 5. d3 Be7 6. dxe4 O-O 7. Nc3 c6 8.
dxc6 Nxc6 9. a3 Re8 10. Be3 Bg4 11. Qd2 Qc7 12. O-O-O a6 13. Bd3 b5 14. h3 Be6
15. Nd5 Bxd5 16. exd5 Nxd5 17. Bxh7+ Kxh7 18. Qxd5 Bf6 19. Qf5+ Kg8 20. h4 Ne5
21. Nd4 Nc4 22. Bg5 Re5 23. Qf3 Rae8 24. Bxf6 gxf6 25. Qxf6 Nb6 26. Nf5 Rxf5
27. Qxf5 Re2 28. Qg4+ {Normal} 1-0

[Event "Rated Blitz game"]
[Site "?"]
[Date "2021.04.18"]
[Round "?"]
[White "M4jestik"]
[Black "magos33"]
[Result "1-0"]
[WhiteElo "2411"]
[BlackElo "2426"]
[PlyCount "71"]
[EventDate "2021.??.??"]
[EventType "blitz"]

1. e4 e5 2. Nf3 d5 3. Nc3 dxe4 4. Nxe4 f5 5. Ng3 Bd6 6. Bc4 Qe7 7. d3 Be6 8.
Bxe6 Qxe6 9. Ng5 Qe7 10. Nxf5 Qf6 11. Qf3 Nc6 12. Ne6 Kd7 13. Nexg7 Rf8 14. g4
Nge7 15. Nh5 Qf7 16. Nhg3 Nd4 17. Nxd4 Qxf3 18. Nxf3 Rxf3 19. Ke2 Rhf8 20. Be3
Nc6 21. Nf5 Rh3 22. c3 h5 23. f3 hxg4 24. fxg4 Rg8 25. Rag1 e4 26. d4 Rxh2+ 27.
Rxh2 Bxh2 28. Rg2 Bd6 29. g5 Ke6 30. Nh6 Ne7 31. b3 Ng6 32. c4 Bf4 33. d5+ Ke5
34. Nf7+ Kf5 35. Nh6+ Ke5 36. Nxg8 {Normal} 1-0

[Event "Rated Blitz game"]
[Site "?"]
[Date "2021.04.18"]
[Round "?"]
[White "Jager90"]
[Black "JellalFernandes"]
[Result "1/2-1/2"]
[WhiteElo "2501"]
[BlackElo "2565"]
[PlyCount "68"]
[EventDate "2021.??.??"]
[EventType "blitz"]

1. e4 e5 2. Nf3 d5 3. exd5 Bd6 4. d4 e4 5. Ne5 Nf6 6. Nc3 O-O 7. Bg5 Nbd7 8.
Nc4 h6 9. Bh4 Re8 10. Be2 Nb6 11. Nxd6 Qxd6 12. Bg3 Qd8 13. O-O Nbxd5 14. Nxd5
Nxd5 15. c4 Nf6 16. d5 b6 17. Qd4 Bf5 18. Rfe1 Qd7 19. Rad1 Rad8 20. h3 Re7 21.
Bh4 Qd6 22. Bxf6 Qxf6 23. Qxf6 gxf6 24. Rd4 Bg6 25. g3 f5 26. Bf1 Red7 27. Bg2
Kg7 28. g4 fxg4 29. hxg4 c6 30. Bxe4 Bxe4 31. Rexe4 cxd5 32. cxd5 Rxd5 33. Rxd5
Rxd5 34. Re7 Ra5 {Normal} 1/2-1/2

[Event "Rated Blitz game"]
[Site "?"]
[Date "2021.04.18"]
[Round "?"]
[White "WattSchrott"]
[Black "annaly1979"]
[Result "1-0"]
[WhiteElo "2440"]
[BlackElo "2410"]
[PlyCount "37"]
[EventDate "2021.??.??"]
[EventType "blitz"]

1. e4 e5 2. Nf3 d5 3. Nc3 dxe4 4. Nxe4 f5 5. Ng3 e4 6. Ng1 Nf6 7. d4 Bd6 8. Bc4
Nc6 9. N1e2 Qe7 10. Bf4 Bxf4 11. Nxf4 Qb4+ 12. Qd2 Qxc4 13. O-O-O Qxa2 14. Qc3
O-O 15. d5 Ne7 16. Qc5 Ng6 17. Ngh5 Bd7 18. Qxc7 Bb5 19. Qxg7# {Normal} 1-0

[Event "Rated Blitz tournament qNOAOaEw"]
[Site "?"]
[Date "2021.04.18"]
[Round "?"]
[White "KunciBKD"]
[Black "om_gendut"]
[Result "1-0"]
[WhiteElo "2311"]
[BlackElo "2416"]
[PlyCount "91"]
[EventDate "2021.??.??"]
[EventType "blitz"]

1. e4 e5 2. Nf3 d5 3. Nxe5 Bd6 4. d4 dxe4 5. Nxf7 Kxf7 6. Bc4+ Be6 7. Bxe6+
Kxe6 8. Nc3 Nf6 9. O-O Kf7 10. Bg5 Re8 11. f3 e3 12. Qd3 Kg8 13. Rae1 h6 14.
Bxe3 Nc6 15. Ne4 Be7 16. Re2 Kh8 17. c3 Qd7 18. Rfe1 Nd5 19. Bd2 Bd6 20. a4 Bf4
21. Nc5 Qf7 22. Ne6 Bxd2 23. Qxd2 Re7 24. c4 Nf6 25. d5 Rd7 26. Qf4 Ne7 27. Nc5
Ng6 28. Qf5 Re7 29. Re6 b6 30. Ne4 Nxe4 31. fxe4 Nf8 32. Qxf7 Rxf7 33. Rc6 Re7
34. e5 Rae8 35. e6 Ng6 36. g3 Nf8 37. a5 Nh7 38. axb6 axb6 39. Ra1 Nf6 40. Ra7
Rc8 41. d6 Rxe6 42. d7 Nxd7 43. Rxe6 Nf6 44. Re7 Re8 45. Rxe8+ Nxe8 46. Ra8 {
Normal} 1-0

[Event "Rated Blitz tournament jOCkETW0"]
[Site "?"]
[Date "2021.04.18"]
[Round "?"]
[White "verybadplayer777"]
[Black "satranCocuk_YouTube"]
[Result "1-0"]
[WhiteElo "2410"]
[BlackElo "2319"]
[PlyCount "27"]
[EventDate "2021.??.??"]
[EventType "blitz"]

1. e4 e5 2. Nf3 d5 3. exd5 e4 4. Ne5 Qxd5 5. d4 exd3 6. Nxd3 Nf6 7. Nc3 Qc6 8.
Be2 Bd6 9. Ne5 Qxg2 10. Bf3 Qh3 11. Bf4 O-O 12. Qd3 Bxe5 13. Bxe5 Rd8 14. Qxd8+
{Normal} 1-0

[Event "Rated Blitz game"]
[Site "?"]
[Date "2021.04.18"]
[Round "?"]
[White "behxhetshala"]
[Black "Gifroy"]
[Result "1-0"]
[WhiteElo "2434"]
[BlackElo "2376"]
[PlyCount "33"]
[EventDate "2021.??.??"]
[EventType "blitz"]

1. e4 e5 2. Nf3 d5 3. Nxe5 Bd6 4. d4 dxe4 5. Nc4 Be7 6. Nc3 Bf5 7. Bf4 Nf6 8.
h3 h6 9. Be2 Nbd7 10. Qd2 Nb6 11. Ne3 Bg6 12. a4 a5 13. Nb5 Nfd5 14. Bg3 c6 15.
c4 c5 16. cxd5 cxd4 17. Qxd4 {Normal} 1-0

[Event "Rated Blitz tournament jOCkETW0"]
[Site "?"]
[Date "2021.04.18"]
[Round "?"]
[White "Tuzakli_Egitim"]
[Black "dr_xStranger"]
[Result "0-1"]
[WhiteElo "2404"]
[BlackElo "2532"]
[PlyCount "57"]
[EventDate "2021.??.??"]
[EventType "blitz"]

1. e4 e5 2. Nf3 d5 3. Nxe5 Bd6 4. d4 dxe4 5. Nc4 Nf6 6. Be2 O-O 7. Nxd6 Qxd6 8.
O-O Re8 9. Be3 Nc6 10. c3 Bf5 11. Nd2 Rad8 12. Nc4 Qd7 13. Bg5 Qe7 14. Ne3 Bg6
15. Ng4 h5 16. Bxf6 gxf6 17. Ne3 f5 18. Bxh5 f4 19. Nc2 Qg5 20. Bxg6 fxg6 21.
f3 e3 22. Qe2 Kg7 23. Nb4 Rh8 24. Nd3 Rxh2 25. Nc5 Rh1+ 26. Kxh1 Qh4+ 27. Kg1
Rh8 28. Ne6+ Kf6 29. Rfd1 {Normal} 0-1

[Event "Rated Blitz tournament jOCkETW0"]
[Site "?"]
[Date "2021.04.18"]
[Round "?"]
[White "murat2006"]
[Black "satranCocuk_YouTube"]
[Result "0-1"]
[WhiteElo "2405"]
[BlackElo "2322"]
[PlyCount "124"]
[EventDate "2021.??.??"]
[EventType "blitz"]

1. e4 e5 2. Nf3 d5 3. d3 dxe4 4. dxe4 Qxd1+ 5. Kxd1 Bg4 6. Be2 Nc6 7. c3 O-O-O+
8. Kc2 Nf6 9. Bd3 Bxf3 10. gxf3 Bb4 11. Rg1 Bc5 12. Rxg7 Bxf2 13. Bg5 Nh5 14.
Rxf7 Rd6 15. Na3 h6 16. Bd2 Rhd8 17. Rxc7+ Kb8 18. Rh7 Rxd3 19. Bxh6 Nf4 20.
Bxf4 exf4 21. Nc4 Rxf3 22. Rf1 b5 23. Nd2 Rxd2+ 24. Kxd2 Be3+ 25. Ke2 Rxf1 26.
Kxf1 Ne5 27. Re7 Ng4 28. h3 Nf6 29. Ke2 a5 30. Kf3 b4 31. cxb4 axb4 32. h4 Kc8
33. Re6 Nd7 34. h5 Kc7 35. h6 Nf8 36. Rf6 Nd7 37. Rf7 Kd6 38. h7 Ne5+ 39. Ke2
Nxf7 40. a3 bxa3 41. bxa3 Ke5 42. Kf3 Ng5+ 43. Kg4 Nxh7 44. a4 Nf6+ 45. Kf3
Nxe4 46. a5 Nc5 47. Ke2 Nb3 48. a6 Ke4 49. a7 f3+ 50. Ke1 Bxa7 51. Kf1 Ke3 52.
Ke1 f2+ 53. Kf1 Nd2+ 54. Kg2 f1=Q+ 55. Kg3 Qf4+ 56. Kh3 Qg5 57. Kh2 Nf3+ 58.
Kh3 Ng1+ 59. Kh2 Bb8+ 60. Kh1 Qh4+ 61. Kg2 Qf2+ 62. Kh1 Qh2# {Normal} 0-1

[Event "Rated Blitz game"]
[Site "?"]
[Date "2021.04.18"]
[Round "?"]
[White "Protput"]
[Black "annaly1979"]
[Result "0-1"]
[WhiteElo "2401"]
[BlackElo "2391"]
[PlyCount "112"]
[EventDate "2021.??.??"]
[EventType "blitz"]

1. e4 e5 2. Nf3 d5 3. Nxe5 Qe7 4. d4 f6 5. Nd3 Nc6 6. Be3 dxe4 7. Nf4 f5 8. c4
Nf6 9. Nc3 Qb4 10. Qb3 Bd7 11. Be2 O-O-O 12. O-O Na5 13. Qxb4 Bxb4 14. Ncd5
Nxd5 15. Nxd5 Bd6 16. b4 Nc6 17. c5 Bf8 18. b5 Na5 19. Rfc1 Be6 20. Nf4 Bf7 21.
Bd2 b6 22. Bxa5 bxa5 23. Bc4 Bxc4 24. Rxc4 g5 25. Ne6 Re8 26. Nxf8 Rhxf8 27. d5
Re5 28. Rd1 Rd8 29. Rcd4 f4 30. a4 e3 31. fxe3 fxe3 32. Re1 e2 33. d6 cxd6 34.
cxd6 Kd7 35. Rd2 Rde8 36. h3 h5 37. Kf2 Rf8+ 38. Kg3 Rfe8 39. Kf2 Rf8+ 40. Kg3
Re3+ 41. Kh2 Rfe8 42. Kg1 R3e4 43. Kf2 Rf8+ 44. Kg1 Rfe8 45. Kf2 Rxa4 46. Rdxe2
Rxe2+ 47. Rxe2 Kxd6 48. Rd2+ Ke6 49. Re2+ Kf6 50. Rd2 Rb4 51. Rd6+ Kf5 52. Ra6
Rxb5 53. Rxa7 Kf4 54. Rf7+ Rf5 55. Ra7 h4 56. Ke2 Kg3 {Normal} 0-1

[Event "Rated Blitz game"]
[Site "?"]
[Date "2021.04.18"]
[Round "?"]
[White "Duubik"]
[Black "RiskyBlitzer"]
[Result "1-0"]
[WhiteElo "2384"]
[BlackElo "2485"]
[PlyCount "95"]
[EventDate "2021.??.??"]
[EventType "blitz"]

1. e4 e5 2. Nf3 d5 3. exd5 e4 4. Qe2 Nf6 5. Nc3 Be7 6. Nxe4 Nxd5 7. d3 O-O 8.
Bd2 Re8 9. O-O-O f5 10. Kb1 fxe4 11. dxe4 Nb6 12. Bc3 Bd7 13. e5 Qc8 14. Nd4
Bg4 15. f3 Bh5 16. g4 Bg6 17. h4 h6 18. Bh3 c5 19. g5 Qc7 20. Ne6 Qc6 21. gxh6
Na4 22. Bd2 Bf8 23. hxg7 Be7 24. h5 Bh7 25. Qc4 Nb6 26. Qf4 Nd5 27. Qh6 Qa4 28.
Qxh7+ Kxh7 29. Bf5+ Kg8 30. h6 Kf7 31. h7 Nc6 32. Rdg1 Ncb4 33. Bxb4 Nxb4 34.
a3 Rg8 35. hxg8=Q+ Rxg8 36. Rh8 Nd5 37. Rxg8 Bg5 38. Rf8+ Ke7 39. g8=Q Kd7 40.
Qf7+ Kc6 41. Rc8+ Kb5 42. Rxc5+ Ka6 43. Nd8 Qb5 44. Rxb5 Kxb5 45. Qxd5+ Ka6 46.
Rxg5 b5 47. Qb7+ Ka5 48. Qxa7# {Normal} 1-0

[Event "Rated Blitz game"]
[Site "?"]
[Date "2021.04.18"]
[Round "?"]
[White "MONSKY123"]
[Black "magos33"]
[Result "1-0"]
[WhiteElo "2496"]
[BlackElo "2422"]
[PlyCount "67"]
[EventDate "2021.??.??"]
[EventType "blitz"]

1. e4 e5 2. Nf3 d5 3. exd5 e4 4. Qe2 Nf6 5. Nc3 Be7 6. Nxe4 O-O 7. Nxf6+ Bxf6
8. Qc4 Re8+ 9. Be2 b5 10. Qb3 c5 11. d3 Ba6 12. Be3 Nd7 13. O-O Nb6 14. c4 bxc4
15. dxc4 Qc7 16. Rfd1 Rad8 17. Bf1 Rb8 18. Qc2 Nd7 19. Rab1 Rb6 20. b3 Bb7 21.
Bg5 a5 22. Bd2 Ra6 23. Bc3 Rea8 24. Bxf6 Rxf6 25. Re1 Qd6 26. Re3 g6 27. Rbe1
Kg7 28. Qc3 a4 29. Ng5 Qf4 30. Ne4 axb3 31. axb3 Ra2 32. Rf3 Qe5 33. Qxe5 Nxe5
34. Rxf6 {Normal} 1-0

[Event "Rated Blitz tournament jOCkETW0"]
[Site "?"]
[Date "2021.04.18"]
[Round "?"]
[White "yesaiedo"]
[Black "dr_xStranger"]
[Result "0-1"]
[WhiteElo "2578"]
[BlackElo "2537"]
[PlyCount "56"]
[EventDate "2021.??.??"]
[EventType "blitz"]

1. e4 e5 2. Nf3 d5 3. exd5 e4 4. Qe2 Nf6 5. d3 Bb4+ 6. c3 O-O 7. dxe4 Bc5 8.
Bg5 Re8 9. Nbd2 Nbd7 10. g3 c6 11. dxc6 bxc6 12. Bg2 a5 13. O-O Ba6 14. Nc4 h6
15. Bxf6 Nxf6 16. Nfd2 Qc8 17. Rfd1 Rb8 18. h3 Rxb2 19. Qf3 Bxc4 20. Nxc4 Rxf2
21. Qxf2 Bxf2+ 22. Kxf2 Qb8 23. Rab1 Qa7+ 24. Kf1 Qa6 25. Rd4 c5 26. Rb6 Qa7
27. Rd3 Nxe4 28. Bxe4 Rxe4 {Normal} 0-1

[Event "Rated Blitz tournament jOCkETW0"]
[Site "?"]
[Date "2021.04.18"]
[Round "?"]
[White "Saparmyrat"]
[Black "dr_xStranger"]
[Result "0-1"]
[WhiteElo "2634"]
[BlackElo "2509"]
[PlyCount "48"]
[EventDate "2021.??.??"]
[EventType "blitz"]

1. e4 e5 2. Nf3 d5 3. Nxe5 Bd6 4. d4 dxe4 5. Nc3 Bxe5 6. dxe5 Qxd1+ 7. Nxd1 Nc6
8. Nc3 Bf5 9. Bb5 Nge7 10. Bg5 O-O 11. Bxe7 Nxe7 12. O-O-O c6 13. Be2 Ng6 14.
g4 Be6 15. Nxe4 Nxe5 16. h3 Rfe8 17. f4 Bd5 18. Rxd5 cxd5 19. Nd6 Ng6 20. Nxe8
Rxe8 21. Bb5 Re4 22. f5 Nf4 23. Rd1 Kf8 24. Ba4 Rxa4 {Normal} 0-1

[Event "Rated Blitz game"]
[Site "?"]
[Date "2021.04.18"]
[Round "?"]
[White "Teomondo_Scrofalo"]
[Black "anjaya01"]
[Result "1-0"]
[WhiteElo "2446"]
[BlackElo "2409"]
[PlyCount "87"]
[EventDate "2021.??.??"]
[EventType "blitz"]

1. e4 e5 2. Nf3 d5 3. exd5 Bd6 4. d4 e4 5. Qe2 f5 6. Ne5 Nf6 7. Bg5 h6 8. Bxf6
Qxf6 9. Qh5+ Kf8 10. Ng6+ Kg8 11. Nxh8 Nd7 12. Ng6 Qxd4 13. Nc3 Nf6 14. Qe2 f4
15. Rd1 Qb4 16. Qc4 Qxb2 17. Be2 Bb4 18. O-O Qxc3 19. Qxc3 Bxc3 20. Nxf4 Bd7
21. Bc4 b5 22. Bb3 g5 23. Ne6 Be5 24. d6 Kh7 25. dxc7 Rc8 26. Rfe1 a5 27. Nc5
Bf5 28. Be6 Bxe6 29. Nxe6 Kg6 30. Rd8 Rxc7 31. Nxc7 Bxc7 32. Rc8 Be5 33. Rc6 b4
34. Rxe4 Kf5 35. Rxe5+ Kxe5 36. Rc5+ Kd4 37. Rxa5 Ne4 38. f3 Nd2 39. Ra6 Kc3
40. Rc6+ Nc4 41. g3 h5 42. f4 Kd4 43. Rxc4+ Kxc4 44. fxg5 {Normal} 1-0

[Event "Rated Blitz game"]
[Site "?"]
[Date "2021.04.18"]
[Round "?"]
[White "Josipan_81"]
[Black "lethalsaint"]
[Result "0-1"]
[WhiteElo "2463"]
[BlackElo "2434"]
[PlyCount "99"]
[EventDate "2021.??.??"]
[EventType "blitz"]

1. e4 e5 2. Nf3 d5 3. exd5 e4 4. Qe2 Be7 5. Qxe4 Nf6 6. Qa4+ c6 7. Nc3 O-O 8.
d4 b5 9. Qb3 b4 10. Nd1 a5 11. Bc4 a4 12. Qd3 cxd5 13. Bb5 Ne4 14. O-O Bf5 15.
Ne3 Bg6 16. Ne5 Nxf2 17. Qe2 Ne4 18. Bd3 Nf6 19. Nf5 Nbd7 20. Bg5 Bxf5 21. Rxf5
Ne4 22. Bxe7 Qxe7 23. Bxe4 dxe4 24. Nxd7 Qxd7 25. Qxe4 Rae8 26. Re5 f6 27. Rxe8
Rxe8 28. Qd3 Qd5 29. c4 bxc3 30. bxc3 Rc8 31. Rc1 Qxa2 32. c4 a3 33. h3 h6 34.
Kh2 Rb8 35. d5 Qb2 36. Re1 a2 37. Qf1 Qd4 38. Rd1 Qe5+ 39. Kh1 Qh5 40. Ra1 Rb2
41. d6 Rd2 42. Qc1 Qe2 43. Qg1 Qxc4 44. Qe1 Qd4 45. Qe6+ Kh8 46. Qe8+ Kh7 47.
Rxa2 Rxa2 48. d7 Rd2 49. d8=Q Qxd8 50. Qe4+ {Normal} 0-1

[Event "Rated Blitz tournament jOCkETW0"]
[Site "?"]
[Date "2021.04.18"]
[Round "?"]
[White "verybadplayer777"]
[Black "satranCocuk_YouTube"]
[Result "1-0"]
[WhiteElo "2407"]
[BlackElo "2327"]
[PlyCount "57"]
[EventDate "2021.??.??"]
[EventType "blitz"]

1. e4 e5 2. Nf3 d5 3. exd5 e4 4. Ne5 Qxd5 5. d4 exd3 6. Nxd3 Nf6 7. Nc3 Qd8 8.
Be2 Bd6 9. Be3 O-O 10. Bf3 c6 11. Qd2 Bc7 12. h3 Re8 13. O-O Qd6 14. Bf4 Qd8
15. Rfe1 Bxf4 16. Qxf4 Be6 17. Rad1 Nbd7 18. Nc5 Qb6 19. Nxe6 Rxe6 20. Rxe6
fxe6 21. Bg4 Re8 22. Ne4 Qxb2 23. Ng5 Qxc2 24. Rxd7 e5 25. Be6+ Rxe6 26. Rd8+
Re8 27. Rxe8+ Nxe8 28. Qf7+ Kh8 29. Qf8# {Normal} 1-0

[Event "Rated Blitz tournament Yjkrb4m2"]
[Site "?"]
[Date "2021.04.18"]
[Round "?"]
[White "ElDek"]
[Black "BillyBouwmans"]
[Result "0-1"]
[WhiteElo "2434"]
[BlackElo "2209"]
[PlyCount "43"]
[EventDate "2021.??.??"]
[EventType "blitz"]

1. e4 e5 2. Nf3 d5 3. Bc4 dxc4 4. O-O Nc6 5. Na3 Be6 6. Qe2 Bxa3 7. bxa3 Nf6 8.
Bb2 Bg4 9. Qxc4 Bxf3 10. gxf3 Qe7 11. Rad1 Qe6 12. Qb5 O-O 13. Kh1 Nh5 14. Rg1
Nf4 15. d4 a6 16. Qc5 Nxd4 17. Bxd4 exd4 18. Qxc7 Qf6 19. e5 Qf5 20. Rxd4 Ne6
21. Qd7 Nxd4 22. Qxd4 {Normal} 0-1

[Event "Rated Blitz game"]
[Site "?"]
[Date "2021.04.18"]
[Round "?"]
[White "carbohydratprotein"]
[Black "DarthZannah"]
[Result "0-1"]
[WhiteElo "2460"]
[BlackElo "2505"]
[PlyCount "74"]
[EventDate "2021.??.??"]
[EventType "blitz"]

1. e4 e5 2. Nf3 d5 3. Nc3 d4 4. Ne2 Bd6 5. Ng3 Ne7 6. Bc4 O-O 7. d3 Kh8 8. Ng5
f6 9. Nxh7 b5 10. Qh5 Bg4 11. Qxg4 bxc4 12. Nxf8 Qxf8 13. dxc4 Nbc6 14. Bd2 Qf7
15. b3 Kg8 16. h4 Nb4 17. Bxb4 Bxb4+ 18. Ke2 Ng6 19. Nf5 Nf4+ 20. Kf3 Kf8 21.
g3 Nh5 22. Rad1 Bc3 23. Rd3 g6 24. Ne3 f5 25. exf5 Nf6 26. fxg6 Qe7 27. Nf5 e4+
28. Kg2 Nxg4 29. Nxe7 exd3 30. Nf5 dxc2 31. Rc1 d3 32. f3 Bb2 33. Rf1 Nf6 34.
g7+ Kg8 35. Ne7+ Kxg7 36. Nd5 Nxd5 37. cxd5 d2 {Normal} 0-1

[Event "Rated Blitz game"]
[Site "?"]
[Date "2021.04.18"]
[Round "?"]
[White "LaserDolphin"]
[Black "annaly1979"]
[Result "0-1"]
[WhiteElo "2365"]
[BlackElo "2405"]
[PlyCount "142"]
[EventDate "2021.??.??"]
[EventType "blitz"]

1. e4 e5 2. Nf3 d5 3. exd5 e4 4. Qe2 f5 5. d3 Nf6 6. Nbd2 Be7 7. dxe4 fxe4 8.
Nxe4 Nxe4 9. Qxe4 O-O 10. Bc4 Bb4+ 11. c3 Re8 12. Ne5 Bd6 13. f4 Nd7 14. O-O
Nf6 15. Qc2 a6 16. Bd3 b5 17. a4 Bd7 18. axb5 Bxb5 19. Bxb5 axb5 20. Nc6 Qd7
21. Rxa8 Rxa8 22. Be3 Re8 23. Bd4 Nxd5 24. Ne5 Qe6 25. b4 Bxe5 26. fxe5 c6 27.
Qe4 h6 28. h3 Rf8 29. Rxf8+ Kxf8 30. Qh7 Kf7 31. Qh8 Nf4 32. Qb8 Qd5 33. e6+
Nxe6 34. Qb7+ Kg6 35. Qe7 Nxd4 36. Qe8+ Kh7 37. cxd4 Qxd4+ 38. Kh2 Qxb4 39. Qe6
Qc4 40. Qf5+ Kh8 41. Qc8+ Kh7 42. Qf5+ Kg8 43. Qc8+ Kf7 44. Qd7+ Kf6 45. Qd8+
Ke5 46. Qe7+ Kd5 47. Qxg7 b4 48. Qxh6 b3 49. Qg5+ Kd4 50. Qf6+ Kd3 51. h4 Qd5
52. Qf3+ Kc4 53. Qf4+ Kb5 54. h5 b2 55. Kg3 b1=Q 56. Qf3 Qbd3 57. h6 Q3xf3+ 58.
gxf3 Qh5 59. f4 Qxh6 60. Kf2 Qg7 61. Ke3 Qf6 62. Kf3 Qf5 63. Ke3 c5 64. Kf3 c4
65. Ke3 c3 66. Ke2 c2 67. Kd2 Kb4 68. Kc1 Kb3 69. Kd2 Kb2 70. Ke2 c1=Q 71. Kf3
Qcxf4+ {Time forfeit} 0-1

[Event "Rated Blitz game"]
[Site "?"]
[Date "2021.04.18"]
[Round "?"]
[White "Python45"]
[Black "fuglfonix"]
[Result "0-1"]
[WhiteElo "2434"]
[BlackElo "2351"]
[PlyCount "60"]
[EventDate "2021.??.??"]
[EventType "blitz"]

1. e4 e5 2. Nf3 d5 3. Nxe5 Bd6 4. d4 dxe4 5. Nd2 Bf5 6. Bc4 Bxe5 7. dxe5 Nc6 8.
e6 fxe6 9. O-O Nf6 10. b3 O-O 11. Bb2 Qe8 12. a4 Qg6 13. Qe2 Rad8 14. f3 Qg5
15. Rad1 e3 16. f4 Qh6 17. Qxe3 Qxh2+ 18. Kxh2 Ng4+ 19. Kg1 Nxe3 20. Rde1 Nxf1
21. Nxf1 Nd4 22. Ng3 Bxc2 23. Nh5 Bf5 24. Ng3 Rfe8 25. Bxd4 Rxd4 26. Nxf5 Rd2
27. Bxe6+ Kh8 28. Re5 g6 29. Ne3 Rd6 30. f5 gxf5 {Normal} 0-1

[Event "Rated Blitz game"]
[Site "?"]
[Date "2021.04.18"]
[Round "?"]
[White "h16"]
[Black "Slimslik02"]
[Result "1-0"]
[WhiteElo "2490"]
[BlackElo "2345"]
[PlyCount "105"]
[EventDate "2021.??.??"]
[EventType "blitz"]

1. e4 e5 2. Nf3 d5 3. exd5 e4 4. Qe2 Nf6 5. Nc3 Bb4 6. Qb5+ c6 7. Qxb4 exf3 8.
gxf3 Nxd5 9. Nxd5 Qxd5 10. Qe4+ Be6 11. Qxd5 Bxd5 12. Be2 O-O 13. c4 Be6 14. d4
Rd8 15. Be3 Nd7 16. O-O-O Nf6 17. Kc2 Rd7 18. Kc3 b5 19. b3 Rc8 20. Rd2 a6 21.
Rg1 Bf5 22. Rg5 Bg6 23. Rc5 Rdd8 24. Bg5 Re8 25. Re5 Nd7 26. Rxe8+ Rxe8 27. Be3
Nf6 28. a4 bxa4 29. bxa4 Rb8 30. Rb2 Rxb2 31. Kxb2 Kf8 32. Kb3 Ke8 33. Kb4 Kd7
34. Kc5 Bc2 35. a5 Kc7 36. Bf4+ Kb7 37. Kd6 Nh5 38. Be3 Bg6 39. d5 cxd5 40.
cxd5 Nf6 41. Bd4 Ne8+ 42. Ke7 f6 43. d6 Nxd6 44. Kxd6 Be8 45. Bc4 Bc6 46. Bd5
Bxd5 47. Kxd5 Kc7 48. Ke6 Kc6 49. Kf7 g5 50. Kxf6 h6 51. Kg6 Kb5 52. Bb6 g4 53.
fxg4 {Normal} 1-0

[Event "Rated Blitz game"]
[Site "?"]
[Date "2021.04.18"]
[Round "?"]
[White "NjAtO"]
[Black "pasha1984"]
[Result "1-0"]
[WhiteElo "2317"]
[BlackElo "2510"]
[PlyCount "43"]
[EventDate "2021.??.??"]
[EventType "blitz"]

1. e4 e5 2. Nf3 d5 3. Nxe5 dxe4 4. d4 Bd6 5. Qe2 Nf6 6. Bg5 Bf5 7. Nc3 O-O 8.
O-O-O Bb4 9. Bxf6 Qxf6 10. Nxe4 Bxe4 11. Qxe4 c6 12. Bc4 Bd6 13. f4 b5 14. Bb3
a5 15. c3 a4 16. Bc2 g6 17. g4 a3 18. b3 b4 19. c4 Re8 20. h4 c5 21. g5 Qd8 22.
Qxa8 {Normal} 1-0

[Event "Rated Blitz tournament oS5OMhlr"]
[Site "?"]
[Date "2021.04.18"]
[Round "?"]
[White "LIVE_CHESS2"]
[Black "vovaches"]
[Result "0-1"]
[WhiteElo "2260"]
[BlackElo "2517"]
[PlyCount "28"]
[EventDate "2021.??.??"]
[EventType "blitz"]

1. e4 e5 2. Nf3 d5 3. exd5 e4 4. Nd4 Qxd5 5. Ne2 Nf6 6. Nbc3 Qe5 7. Ng3 Nc6 8.
Be2 Bd6 9. O-O h5 10. d4 Nxd4 11. f4 exf3 12. Bxf3 Nxf3+ 13. Rxf3 h4 14. Re3
Bc5 {Normal} 0-1

[Event "Rated Blitz tournament mWMMEDwW"]
[Site "?"]
[Date "2021.04.18"]
[Round "?"]
[White "ChessHobbits99"]
[Black "Herabi"]
[Result "1-0"]
[WhiteElo "2661"]
[BlackElo "2489"]
[PlyCount "91"]
[EventDate "2021.??.??"]
[EventType "blitz"]

1. e4 e5 2. Nf3 d5 3. Nxe5 Bd6 4. d4 dxe4 5. Nc4 Nf6 6. Nc3 h6 7. Be3 O-O 8.
Qd2 a6 9. O-O-O b5 10. Nxd6 cxd6 11. d5 Nbd7 12. h3 Ne5 13. g4 Bd7 14. g5 hxg5
15. Bxg5 Bf5 16. Qf4 Bg6 17. h4 Rc8 18. h5 Bh7 19. h6 Ng6 20. Qg3 gxh6 21. Rxh6
b4 22. Ne2 Qc7 23. Nd4 Nxd5 24. Qh2 b3 25. axb3 f6 26. Bd2 Qg7 27. Ne6 Qb7 28.
Nxf8 Nxf8 29. Qg3+ Kh8 30. Bh3 Rc7 31. Bf5 Qc6 32. Bc3 Nxc3 33. Qxc3 Qxc3 34.
bxc3 Rxc3 35. Rdh1 Rf3 36. Bxh7 Kg7 37. Bxe4 Kf7 38. Bxf3 Ke6 39. Be4 Nd7 40.
Bd3 Ne5 41. Re1 Kd5 42. f4 Nc6 43. Rh5+ Kd4 44. Rf5 Kc3 45. Re4 Nd4 46. Rxd4 {
Time forfeit} 1-0

[Event "Rated Blitz game"]
[Site "?"]
[Date "2021.04.18"]
[Round "?"]
[White "papagayam"]
[Black "Jomajo"]
[Result "0-1"]
[WhiteElo "2516"]
[BlackElo "2604"]
[PlyCount "84"]
[EventDate "2021.??.??"]
[EventType "blitz"]

1. e4 e5 2. Nf3 d5 3. Nxe5 Bd6 4. d4 dxe4 5. Bc4 Bxe5 6. dxe5 Qxd1+ 7. Kxd1 Nc6
8. Re1 Bg4+ 9. Be2 O-O-O+ 10. Bd2 Nxe5 11. Kc1 Nf6 12. Nc3 Rhe8 13. Bg5 Bf5 14.
b3 h6 15. Bxf6 gxf6 16. Kb2 Rd2 17. Rad1 Red8 18. Kc1 Rxd1+ 19. Rxd1 Rxd1+ 20.
Kxd1 c6 21. Kd2 Bg6 22. h3 f5 23. f4 Nd7 24. Nd1 Nf6 25. c4 Kd7 26. Ke3 c5 27.
Nc3 h5 28. h4 Kc6 29. g3 b6 30. Nb5 a6 31. Nc3 Ne8 32. Nd5 Nd6 33. Nf6 b5 34.
cxb5+ axb5 35. Nxh5 Kd5 36. a4 c4 37. bxc4+ Nxc4+ 38. Kf2 bxa4 39. Nf6+ Kd4 40.
h5 a3 41. h6 a2 42. Bh5 a1=Q {Normal} 0-1

[Event "Rated Blitz game"]
[Site "?"]
[Date "2021.04.18"]
[Round "?"]
[White "Filip88"]
[Black "Jomajo"]
[Result "0-1"]
[WhiteElo "2571"]
[BlackElo "2599"]
[PlyCount "24"]
[EventDate "2021.??.??"]
[EventType "blitz"]

1. e4 e5 2. Nf3 d5 3. Nxe5 Bd6 4. d4 dxe4 5. Nd2 Nf6 6. Bc4 O-O 7. O-O Nc6 8.
Nxc6 bxc6 9. h3 Re8 10. Re1 Bf5 11. c3 Qd7 12. Nf1 h6 {Time forfeit} 0-1